Dictateurs d’Amérique en images - Statistiques

Statistiques générales
  • Ce quiz a été pris 64 fois
    60 depuis la dernière actualisation
  • Le résultat moyen est 3 sur 10
Statistiques - réponses
Par images Réponse % Correct
Fidel Castro
98%
Augusto Pinochet
83%
Nicolas Maduro
40%
Juan Perón
23%
Fulgencio Batista
19%
Alberto Fujimori
17%
François Duvalier
17%
Jean-Claude Duvalier
17%
Rafael Trujillo
13%
Anastasio Somoza Debayle
6%
Aucun quiz correspondant
Distribution des résultats
% des personnes avec chaque résultat
Percentile par nombre de réponses
Votre historique - résultats
Vous n’avez pas pris ce quiz depuis la dernière actualisation